|
|
|
|
| LEADER |
00000nam0a2200000 4500 |
| 001 |
169540 |
| 005 |
20231031163444.0 |
| 035 |
|
|
|a (RuTPU)RU\TPU\book\183901
|
| 090 |
|
|
|a 169540
|
| 100 |
|
|
|a 20091113d1959 km y0rusy50 ca
|
| 101 |
0 |
|
|a rus
|
| 102 |
|
|
|a RU
|
| 105 |
|
|
|a a z 000zy
|
| 200 |
1 |
|
|a Патрон для замера зенитных углов скважин: описание конструкции
|e научно-исследовательская работа
|f Ю. Л. Боярко
|g Томский политехнический институт (ТПИ) ; науч. рук. С. С. Сулакшин
|
| 210 |
|
|
|a Томск
|d 1959
|
| 215 |
|
|
|a 5 с.
|c ил.
|
| 610 |
1 |
|
|a колонковые скважины
|
| 610 |
1 |
|
|a зенитный угол
|
| 610 |
1 |
|
|a замеры
|
| 610 |
1 |
|
|a патроны
|
| 610 |
1 |
|
|a техническое описание
|
| 675 |
|
|
|a 550.822.7
|v 3
|
| 700 |
|
1 |
|a Боярко
|b Ю. Л.
|g Юрий Леонтьевич
|
| 702 |
|
1 |
|a Сулакшин
|b С. С.
|g Степан Степанович
|4 727
|
| 712 |
0 |
2 |
|a Томский политехнический институт (ТПИ)
|c (1944-1991)
|2 stltpush
|3 (RuTPU)RU\TPU\col\1123
|
| 801 |
|
1 |
|a RU
|b 63413507
|c 20091113
|
| 801 |
|
2 |
|a RU
|b 63413507
|c 20100917
|g RCR
|
| 942 |
|
|
|c BK
|